000 00650nam a2200193 i 4500
001 86942
003 ES-MaACL
005 20230906175545.0
007 t|
008 041216q1935 gw ||||1| ger d
100 1 _aKommerell, Max.
_968541
245 1 4 _aDer Dichter als Führer in der deutschen Klassik
_b: Klopstock, Herder, Goethe, Schiller, Jean Paul, Hölderlin /
_cMax Kommerell.
250 _a2e ed.
260 _aFrankfurt am Main :
_bVittorio Klostermann,
_c[1935?]
300 _a483 p. ;
_c25 cm.
650 4 _aLiteratura alemana-
_yS.XVIII-
_vHistoria y crítica.
_9210634
852 _aES-MaACL
_jF-16192
_bR.21109
999 _c86942
_d86942